The Atlantic Alliance: (Record no. 13090)
[ view plain ]
| 000 -LEADER | |
|---|---|
| fixed length control field | 01015cam a2200241u 4500 |
| 001 - CONTROL NUMBER | |
| control field | 7075187 |
| 005 - DATE AND TIME OF LATEST TRANSACTION | |
| control field | 20060809143952.0 |
| 008 - FIXED-LENGTH DATA ELEMENTS--GENERAL INFORMATION | |
| fixed length control field | 810327s1967 nyu |d f001 0 eng d |
| 010 ## - LIBRARY OF CONGRESS CONTROL NUMBER | |
| LC control number | 67013864 |
| 040 ## - CATALOGING SOURCE | |
| Original cataloging agency | DLC |
| Transcribing agency | CarP |
| Modifying agency | DLC |
| 050 00 - LIBRARY OF CONGRESS CALL NUMBER | |
| Classification number | UA646.3 |
| Item number | .U445 |
| 082 ## - DEWEY DECIMAL CLASSIFICATION NUMBER | |
| Edition number | 22 |
| Classification number | 355.031091821 |
| Item number | ATL |
| 110 1# - MAIN ENTRY--CORPORATE NAME | |
| Corporate name or jurisdiction name as entry element | United States. |
| Subordinate unit | Congress. |
| -- | Senate. |
| -- | Committee on Government Operations. |
| -- | Subcommittee on National Security and International Operations. |
| 9 (RLIN) | 10186 |
| 245 04 - TITLE STATEMENT | |
| Title | The Atlantic Alliance: |
| Remainder of title | Jackson Subcommittee Hearings and Findings/ |
| Statement of responsibility, etc | Edited by Henry M. Jackson |
| 260 ## - PUBLICATION, DISTRIBUTION, ETC. (IMPRINT) | |
| Place of publication, distribution, etc | New York: |
| Name of publisher, distributor, etc | Praeger, |
| Date of publication, distribution, etc | 1967 |
| 300 ## - PHYSICAL DESCRIPTION | |
| Extent | 309p.; |
| Dimensions | 20 cm. |
| 500 ## - GENERAL NOTE | |
| General note | Donated by: Alaa Abdel Ghany |
| 500 ## - GENERAL NOTE | |
| General note | Includes index |
| 610 20 - SUBJECT ADDED ENTRY--CORPORATE NAME | |
| Corporate name or jurisdiction name as entry element | North Atlantic Treaty Organization. |
| 9 (RLIN) | 10187 |
| 700 1# - ADDED ENTRY--PERSONAL NAME | |
| Personal name | Jackson, Henry Martin, |
| Dates associated with a name | 1912- [from old catalog] |
| Relator term | ed. |
| 9 (RLIN) | 10188 |
| 942 ## - ADDED ENTRY ELEMENTS (KOHA) | |
| Source of classification or shelving scheme | Dewey Decimal Classification |
| Item type | Book - Borrowing |
| Withdrawn status | Item status | Source of classification or shelving scheme | Damaged status | Not for loan | Vendor | Home library | Current library | Shelving location | Date acquired | Source of acquisition | Total Checkouts | Full call number | Barcode | Date last seen | Koha item type |
|---|---|---|---|---|---|---|---|---|---|---|---|---|---|---|---|
| Dewey Decimal Classification | Central Library | Central Library | First floor | 04/01/2010 | Donation | 355.031091821 ATL | 000019326 | 15/07/2025 | Book - Borrowing |